| 000 | 00451 a2200145 4500 | ||
|---|---|---|---|
| 005 | 20250619140807.0 | ||
| 020 | _a978-1-911382-33-1 | ||
| 082 | _a371.334 MOR | ||
| 100 | _aMORGAN, N. | ||
| 245 | _aTaught Not Caught: Educating For 21st Century Character | ||
| 260 |
_aMelton, _bJohn Catt Educational Ltd, _c2019. |
||
| 300 |
_a138p.: ill.; picture, table. _c22cm. |
||
| 856 |
_yAccess online book _fTaught Not Caught _dwww.johncatt.com |
||
| 942 |
_2ddc _cBKS |
||
| 999 |
_c4434 _d4434 |
||